00849 2200301 4500001002100000005001500021035002500036040001700061082001400078084001600092090002200108100003100130245007300161260003600234300003700270650002200307700002000329850001300349020002200362999002200384250001100406007000300417008004100420990002200461990002200483990002000505990002200525INLIS00000000000131520240902105515 a0010-121400000000394 aYOPDYOGbind04223a604.2 a604.2 HER m aCB-D.11 2013-12750 aHeru TriamiyonoePengarang10aMenggambar teknik mesin /cHeru Triamiyono; editor, Dyni Nafisawati31aYogyakarta :bDeepublish,c2013 aviii, 79 hlm. :bilus. ;c20 cm. 4aMenggambar teknis0 aDyni Nafisawati aBPAD DIY a978-602-7811-22-5 aCB-D.11/2013-1275 aCet.2.ta141224s2013 yoia g ind d aCB-D.11/2013-1275 aCB-D.11/2013-2328 a72612-PD/A.2024 aCB-D.11/2013-1275